<?xml version="1.0" encoding="UTF-8"?>
<collection xmlns="http://www.loc.gov/MARC21/slim">
<record>
  <controlfield tag="001">160146</controlfield>
  <controlfield tag="005">20250520135533.0</controlfield>
  <datafield tag="037" ind1=" " ind2=" ">
    <subfield code="a">GDOC-2024-63074</subfield>
  </datafield>
  <datafield tag="970" ind1=" " ind2=" ">
    <subfield code="a">GDOC-2024-63074</subfield>
  </datafield>
  <datafield tag="041" ind1=" " ind2=" ">
    <subfield code="a">spa</subfield>
  </datafield>
  <datafield tag="041" ind1=" " ind2=" ">
    <subfield code="a">eng</subfield>
  </datafield>
  <datafield tag="540" ind1=" " ind2=" ">
    <subfield code="a">by-nc-sa</subfield>
    <subfield code="b">Creative Commons</subfield>
    <subfield code="c">3.0</subfield>
    <subfield code="u">http://creativecommons.org/licenses/by-nc-sa/3.0/</subfield>
  </datafield>
  <datafield tag="260" ind1=" " ind2=" ">
    <subfield code="a">Zaragoza</subfield>
    <subfield code="b">Universidad de Zaragoza</subfield>
    <subfield code="c">2024-2025</subfield>
  </datafield>
  <datafield tag="245" ind1="0" ind2="0">
    <subfield code="9">63074</subfield>
    <subfield code="a">Trabajo fin de Máster</subfield>
  </datafield>
  <datafield tag="242" ind1="0" ind2="0">
    <subfield code="9">63074</subfield>
    <subfield code="a">Master's Dissertation</subfield>
  </datafield>
  <datafield tag="100" ind1=" " ind2=" ">
    <subfield code="0">(orcid)0000-0003-2577-1998</subfield>
    <subfield code="a">María Carmen Agustín, Lacruz</subfield>
    <subfield code="1">319255</subfield>
  </datafield>
  <datafield tag="700" ind1=" " ind2=" ">
    <subfield code="0">(orcid)0000-0003-0898-2232</subfield>
    <subfield code="a">María Elena Bandrés, Goldáraz</subfield>
    <subfield code="1">390875</subfield>
  </datafield>
  <datafield tag="700" ind1=" " ind2=" ">
    <subfield code="0">(orcid)0000-0001-6131-1011</subfield>
    <subfield code="a">María Sagrario Bernad, Conde</subfield>
    <subfield code="1">317986</subfield>
  </datafield>
  <datafield tag="700" ind1=" " ind2=" ">
    <subfield code="0">(orcid)0000-0002-7492-4711</subfield>
    <subfield code="a">Luis Mariano Blanco, Domingo</subfield>
    <subfield code="1">384692</subfield>
  </datafield>
  <datafield tag="700" ind1=" " ind2=" ">
    <subfield code="0">(orcid)0000-0001-7373-074X</subfield>
    <subfield code="a">Joseba Bonaut, Iriarte</subfield>
    <subfield code="1">782666</subfield>
  </datafield>
  <datafield tag="700" ind1=" " ind2=" ">
    <subfield code="0">(orcid)0000-0001-5400-1488</subfield>
    <subfield code="a">Gema Bueno, de la Fuente</subfield>
    <subfield code="1">463753</subfield>
  </datafield>
  <datafield tag="700" ind1=" " ind2=" ">
    <subfield code="a">María de la O Conde, Casado</subfield>
    <subfield code="1">338271</subfield>
  </datafield>
  <datafield tag="700" ind1=" " ind2=" ">
    <subfield code="0">(orcid)0000-0002-8005-8637</subfield>
    <subfield code="a">María del Carmen Cruz, Gil</subfield>
    <subfield code="1">811289</subfield>
  </datafield>
  <datafield tag="700" ind1=" " ind2=" ">
    <subfield code="0">(orcid)0000-0001-6221-2824</subfield>
    <subfield code="a">Miguel Ángel Esteban, Navarro</subfield>
    <subfield code="1">151890</subfield>
  </datafield>
  <datafield tag="700" ind1=" " ind2=" ">
    <subfield code="0">(orcid)0000-0002-5942-6140</subfield>
    <subfield code="a">José Antonio Gabelas, Barroso</subfield>
    <subfield code="1">310429</subfield>
  </datafield>
  <datafield tag="700" ind1=" " ind2=" ">
    <subfield code="0">(orcid)0000-0002-8516-3225</subfield>
    <subfield code="a">Patricia Gascón, Vera</subfield>
    <subfield code="1">550779</subfield>
  </datafield>
  <datafield tag="700" ind1=" " ind2=" ">
    <subfield code="a">Rocío Ibarra, Arias</subfield>
    <subfield code="1">460295</subfield>
  </datafield>
  <datafield tag="700" ind1=" " ind2=" ">
    <subfield code="0">(orcid)0000-0003-3071-5819</subfield>
    <subfield code="a">Javier Lacasta, Miguel</subfield>
    <subfield code="1">431331</subfield>
  </datafield>
  <datafield tag="700" ind1=" " ind2=" ">
    <subfield code="0">(orcid)0000-0002-5022-2731</subfield>
    <subfield code="a">Víctor Lope, Salvador</subfield>
    <subfield code="1">467795</subfield>
  </datafield>
  <datafield tag="700" ind1=" " ind2=" ">
    <subfield code="0">(orcid)0000-0003-1385-6177</subfield>
    <subfield code="a">María Jesús Martínez, Pestaña</subfield>
    <subfield code="1">391614</subfield>
  </datafield>
  <datafield tag="700" ind1=" " ind2=" ">
    <subfield code="0">(orcid)0000-0003-0050-6979</subfield>
    <subfield code="a">Antonia Isabel Nogales, Bocio</subfield>
    <subfield code="1">391574</subfield>
  </datafield>
  <datafield tag="700" ind1=" " ind2=" ">
    <subfield code="a">Sheila Peñalva, Tobías</subfield>
    <subfield code="1">642068</subfield>
  </datafield>
  <datafield tag="700" ind1=" " ind2=" ">
    <subfield code="0">(orcid)0000-0002-8558-9605</subfield>
    <subfield code="a">Ricardo Zugasti, Azagra</subfield>
    <subfield code="1">391579</subfield>
  </datafield>
  <datafield tag="830" ind1=" " ind2=" ">
    <subfield code="9">565</subfield>
  </datafield>
  <datafield tag="856" ind1="4" ind2=" ">
    <subfield code="s">7591</subfield>
    <subfield code="u">http://zaguan.unizar.es/record/160146/files/guia-63074-es.pdf</subfield>
    <subfield code="y">Guía (idioma español)</subfield>
  </datafield>
  <datafield tag="856" ind1="4" ind2=" ">
    <subfield code="s">7638</subfield>
    <subfield code="u">http://zaguan.unizar.es/record/160146/files/guia-63074-en.pdf</subfield>
    <subfield code="y">Guide (english)</subfield>
  </datafield>
  <datafield tag="521" ind1=" " ind2=" ">
    <subfield code="9">701</subfield>
    <subfield code="a">Máster Universitario en Consultoría de Información y Comunicación Digital</subfield>
    <subfield code="b">Master's in Digital Information and Communication Consulting</subfield>
  </datafield>
  <datafield tag="980" ind1=" " ind2=" ">
    <subfield code="a">GDOC</subfield>
    <subfield code="b">Ciencias Sociales y Jurídicas</subfield>
    <subfield code="b">Social Sciences and Law</subfield>
    <subfield code="c">103</subfield>
  </datafield>
</record>
</collection>